Propuesta de postgrado especialidad en paisajismo en la esfera del diseño de interiores en la Univesidad APEC (Record no. 879)

MARC details
000 -LEADER
campo de control de longitud fija 02493nam a2200565Ia 4500
001 - NÚMERO DE CONTROL
campo de control 959
008 - DATOS DE LONGITUD FIJA--INFORMACIÓN GENERAL
campo de control de longitud fija 241029s9999 xx 000 0 und d
010 ## - NÚMERO DE CONTROL DE LA BIBLIOTECA DEL CONGRESO
Número de control de LC 879
041 ## - CÓDIGO DE IDIOMA
Código de lengua del texto/banda sonora o título independiente Español
082 ## - NÚMERO DE LA CLASIFICACIÓN DECIMAL DEWEY
Número de clasificación TPG MCE-06 2007
245 #0 - MENCIÓN DEL TÍTULO
Título Propuesta de postgrado especialidad en paisajismo en la esfera del diseño de interiores en la Univesidad APEC
260 ## - PUBLICACIÓN, DISTRIBUCIÓN, ETC.
Lugar de publicación, distribución, etc. Santo Domingo
300 ## - DESCRIPCIÓN FÍSICA
Extensión 39
520 ## - RESUMEN, ETC.
Sumario, etc. 18
520 ## - RESUMEN, ETC.
Sumario, etc. La investigación tuvo como propósito elaborar una propuesta de diseño curricular de una Especialidad en Paisajismo para los profesionales que laboran en la esfera del Diseño de Interiores.  Los métodos utilizados para la investigación fueron  los métodos del nivel teórico del conocimiento y los métodos del nivel empírico. La propuesta de postgrado en modalidad Especialidad en Paisajismo, intenta ser respuesta a este tipo formación, donde la investigación es el vínculo transformador de la sociedad, es el recurso para actualizarse y producir conocimientos.  Ella logra un impacto social que contribuya al desarrollo sostenible de la sociedad Dominicana en particular, en correspondencia con los desafíos y las exigencias de la globalización de la economía y la integración latinoamericana.  Se recomienda a los egresados que realicen un curso de nivelación en Diseño por Ordenador (CAD) como modalidad prelativa de la especialidad.
630 ## - PUNTO DE ACCESO ADICIONAL DE MATERIA--TÍTULO UNIFORME
Título uniforme Currículo
630 ## - PUNTO DE ACCESO ADICIONAL DE MATERIA--TÍTULO UNIFORME
Título uniforme Diseño
630 ## - PUNTO DE ACCESO ADICIONAL DE MATERIA--TÍTULO UNIFORME
Título uniforme Formación
630 ## - PUNTO DE ACCESO ADICIONAL DE MATERIA--TÍTULO UNIFORME
Título uniforme Investigación
650 ## - PUNTO DE ACCESO ADICIONAL DE MATERIA--TÉRMINO DE MATERIA
Término de materia o nombre geográfico como elemento de entrada Programa de Estudios
690 ## - PUNTO DE ACCESO ADICIONAL DE MATERIA LOCAL--TÉRMINO DE MATERIA (OCLC, RLIN)
Término de materia o nombre geográfico como elemento inicial Copiado sin cambios
700 ## - ENTRADA AGREGADA--NOMBRE PERSONAL
Término indicativo de función/relación asesor
Nombre de persona Pérez, Olga Lidida
700 ## - ENTRADA AGREGADA--NOMBRE PERSONAL
Término indicativo de función/relación autor
Nombre de persona Villanueva Melo, Madeleine
700 ## - ENTRADA AGREGADA--NOMBRE PERSONAL
Término indicativo de función/relación asesor
Nombre de persona Álvarez García, Joaquin
901 ## - ELEMENTOS DE DATOS A LOCAL LDA (RLIN)
a {"1":"Villanueva Melo"}
b {"1":"Madeleine"}
902 ## - ELEMENTOS DE DATOS B LOCAL, LDB (RLIN)
a 2
903 ## - ELEMENTOS DE DATOS C LOCAL, LDC (RLIN)
a {"1":"Álvarez García","2":"Pérez"}
b {"1":"Joaquin","2":"Olga Lidida"}
904 ## - ELEMENTOS DE DATOS D LOCAL, LDD (RLIN)
a Maestría en
905 ## - ELEMENTOS DE DATOS E LOCAL, LDE (RLIN)
a Ciencias de la Educación
906 ## - ELEMENTOS DE DATOS F LOCAL, LDF (RLIN)
a 2
907 ## - ELEMENTOS DE DATOS G LOCAL, LDG (RLIN)
a NO APLICA
908 ## - COLOCAR PARÁMETRO DE COMANDO (RLIN)
Colocar parámetro de comando NO APLICA
909 ## -
-- Universidad Acción Pro Educación y Cultura (UNAPEC)
910 ## - DATOS DE OPCIÓN DEL USUARIO (OCLC)
Datos de opción del usuario NULL
-- NULL
911 ## - EQUIVALENCIA O REFERENCIA-CRUZADA-NOMBRE DE CONFERENCIA O REUNIÓN/CONGRESO [LOCAL, CANADÁ]
Nombre de congreso/reunión o jurisdicción como elemento de entrada ["1"]
912 ## -
-- Universidad de Camagüey (UC), Cuba
913 ## -
-- NULL
914 ## -
-- 09 de Mayo de 2007
915 ## -
-- 11/06/14 04:06
916 ## -
-- NULL
917 ## -
-- NULL
918 ## -
-- NO APLICA
919 ## -
-- ["52","224","200","126"]
921 ## -
-- 16
922 ## -
-- 16
923 ## -
-- 0
924 ## -
-- NO APLICA
942 ## - ELEMENTOS DE ENTRADA SECUNDARIOS (KOHA)
Tipo de ítem Koha

No items available.

© 2024. Todos los Derechos Reservados. Desarrollado por IDEICE